000 01227nam a2200325 c 4500
003 BLK
005 20200710125653.0
008 180408b bul|||||r ||||||| ||bul||
010 _aKNG00076102000
020 _a954-733-138-8
_bиздат.: Прозорец
040 _aBLK
041 _aBUL
_cBUL
080 _aАмериканска литература (на САЩ)
_b821.111(73)
_x-31
_z821.111(73)-31
100 1 _aЛъдлъм, Робърт
_eпърви автор
_9241671
700 1 _aЖелязкова, Росица
_eпрев. от англ.
_9365571
139 _aЛъдлъм, Робърт
_bЛ 93
245 1 0 _aПътят към Омаха
_cРобърт Лъдлъм; прев. от англ. Росица Желязкова.
250 _a2. изд.
257 _aUSA
260 София
_bПрозорец
_c2001
_fСофия : Инвестпрес
300 _a544 с.
_c20 см
380 _aX
490 1 _aСерия Трилър
500 _aОриг. загл. The road to Omaha / Pobert Ludlum. - 1. изд. 1993 на изд. Кронос.
852 _aЦб 234659
856 4 _qpdf
_u
856 4 _qpdf
_u
942 _cKNG
_n0
_06
944 _aCR
_c28.06.2007
_kЦветанка_Енчева
944 _aED
_c03.07.2007
_k
999 _c71730
_d71730